[Event "Paracin Summer op-A 12th"]
[Site "Paracin"]
[Date "2019.07.10"]
[Round "7"]
[White "Baterdene, Tsogbayar"]
[Black "Baylav, Can"]
[Result "1/2-1/2"]
[WhiteElo "2247"]
[BlackElo "2120"]
[PlyCount "40"]
[EventDate "2019.07.05"]
[EventType "swiss"]
[EventRounds "9"]
[EventCountry "SRB"]
[SourceTitle "EXT 2020"]
[Source "ChessBase"]
[SourceDate "2019.10.17"]
[SourceVersion "1"]
[SourceVersionDate "2019.10.17"]
[SourceQuality "1"]

1. e4 c5 2. Nf3 d6 3. d4 cxd4 4. Nxd4 Nf6 5. Nc3 a6 6. h3 e5 7. Nde2 h5 8. g3 Be6 9. Bg2 Be7 10. a4 Nbd7 11. 0-0 Rc8 12. a5 0-0 13. b3 b5 14. axb6 Qxb6 15. Be3 Qb7 16. Qd3 Nc5 17. Bxc5 Rxc5 18. Na4 Rb5 19. Nac3 Rc5 20. Na4 Rb5 1/2-1/2

[Event "Wch U20 57th"]
[Site "Manavgat"]
[Date "2018.09.10"]
[Round "6"]
[White "Rodrigue Lemieux, Shawn"]
[Black "Baylav, Can"]
[Result "1-0"]
[WhiteElo "2250"]
[BlackElo "2026"]
[PlyCount "52"]
[EventDate "2018.09.05"]
[EventType "swiss"]
[EventRounds "11"]
[EventCountry "TUR"]
[SourceTitle "CBM 186 Extra"]
[Source "ChessBase"]
[SourceDate "2018.08.24"]
[SourceVersion "1"]
[SourceVersionDate "2018.08.24"]
[SourceQuality "1"]

1. e4 c5 2. Nf3 d6 3. d4 cxd4 4. Qxd4 a6 5. c4 Nc6 6. Qe3 Nf6 7. h3 g6 8. Be2 Bg7 9. Nc3 0-0 10. 0-0 Nd7 11. b3 Nc5 12. Bb2 Qa5 13. Qc1 f5 14. exf5 Bxf5 15. Nd5 Nd3 16. Bxd3 Bxd3 17. Bxg7 Kxg7 18. b4 Nxb4 19. Qc3+ e5 20. Rfe1 Kg8 21. a3 Bxc4 22. Ne7+ Kf7 23. Qxc4+ Kxe7 24. axb4 Qb5 25. Qh4+ Ke8 26. Ra5 Rh8 1-0

[Event "Wch U20 57th"]
[Site "Manavgat"]
[Date "2018.09.07"]
[Round "3"]
[White "Baylav, Can"]
[Black "Sezdbekov, Ruslan"]
[Result "1-0"]
[WhiteElo "2026"]
[BlackElo "2160"]
[PlyCount "61"]
[EventDate "2018.09.05"]
[EventType "swiss"]
[EventRounds "11"]
[EventCountry "TUR"]
[SourceTitle "CBM 186 Extra"]
[Source "ChessBase"]
[SourceDate "2018.08.24"]
[SourceVersion "1"]
[SourceVersionDate "2018.08.24"]
[SourceQuality "1"]

1. d4 Nf6 2. Nf3 e6 3. c4 Bb4+ 4. Nbd2 b6 5. a3 Bxd2+ 6. Qxd2 h6 7. e3 Bb7 8. Bd3 d6 9. 0-0 0-0 10. b4 Nbd7 11. Bb2 Ne4 12. Qc2 f5 13. d5 exd5 14. Nd4 Qe7 15. cxd5 g6 16. Ne6 Bxd5 17. Nxc7 Bb7 18. Nxa8 Bxa8 19. f3 Nef6 20. Rae1 Ne5 21. e4 f4 22. Bxe5 Qxe5 23. Bc4+ Kg7 24. Qd3 Rd8 25. Rd1 Rc8 26. Ba6 Rd8 27. Qd4 Qe7 28. e5 Nd5 29. Rfe1 dxe5 30. Rxe5 Qf6 31. Bc4 1-0

[Event "TUR-chT 1st League"]
[Site "Konya"]
[Date "2018.07.20"]
[Round "7.6"]
[White "Baylav, Can"]
[Black "Karaahmetoglu, Ege"]
[Result "0-1"]
[WhiteElo "2059"]
[BlackElo "2040"]
[PlyCount "144"]
[EventDate "2018.07.16"]
[EventType "team-swiss"]
[EventRounds "9"]
[EventCountry "TUR"]
[SourceTitle "EXT 2019"]
[Source "ChessBase"]
[SourceDate "2018.10.10"]
[SourceVersion "1"]
[SourceVersionDate "2018.10.10"]
[SourceQuality "1"]
[WhiteTeam "Varyant Genclik"]
[BlackTeam "Ankara Dernegi"]
[WhiteTeamCountry "TUR"]
[BlackTeamCountry "TUR"]

1. d4 Nf6 2. c4 e6 3. Nf3 b6 4. g3 Ba6 5. Qc2 d5 6. cxd5 exd5 7. Bg2 Bb4+ 8. Nc3 0-0 9. 0-0 Bxc3 10. bxc3 Nbd7 11. Ne5 Re8 12. f4 c5 13. Re1 Bb7 14. Rd1 Qc7 15. Qf5 Nf8 16. h4 cxd4 17. cxd4 Qc3 18. Rb1 Bc8 19. Qd3 Qxd3 20. exd3 Bf5 21. Rb5 Rad8 22. a4 Bd7 23. Rb4 a5 24. Rxb6 Bxa4 25. Rd2 Rc8 26. Bb2 Ra8 27. Rb7 Ng6 28. h5 Re7 29. hxg6 Rxb7 30. gxf7+ Rxf7 31. Nxf7 Kxf7 32. g4 Bb3 33. g5 Ne8 34. Ba3 Nc7 35. Re2 Re8 36. Rxe8 Kxe8 37. Kf2 Nb5 38. Bb2 a4 39. Ke3 a3 40. Ba1 Ke7 41. Bh3 h6 42. gxh6 gxh6 43. Bg4 Ba4 44. Bh3 h5 45. Bg2 Bb3 46. Bh3 Ba4 47. Bg2 Bb3 48. Bh3 Kf6 49. Bd7 Nd6 50. Bh3 Nb5 51. Bd7 Nd6 52. Bh3 h4 53. Kd2 Nb5 54. Ke3 Nd6 55. Kd2 Nb5 56. Ke3 Ba4 57. Kd2 Ke7 58. Ke3 Nd6 59. Bg2 Ke6 60. Bh3+ Kf6 61. Bg2 Bc6 62. Bc3 Nb5 63. Ba1 Nc7 64. Bh3 Be8 65. Kd2 Bg6 66. Kc2 Bf5 67. Bg2 Bg4 68. Bc3 Kf5 69. Bd2 h3 70. Bh1 Ne6 71. Bxd5 Nxd4+ 72. Kc3 Bf3 0-1

[Event "TUR Cup"]
[Site "Antalya"]
[Date "2017.02.02"]
[Round "8"]
[White "Akyildiz, Alptug"]
[Black "Baylav, Can"]
[Result "0-1"]
[WhiteElo "1545"]
[BlackElo "1967"]
[PlyCount "78"]
[EventDate "2017.01.28"]
[EventType "swiss"]
[EventRounds "11"]
[EventCountry "TUR"]
[SourceTitle "CBM 176 Extra"]
[Source "ChessBase"]
[SourceDate "2017.03.02"]
[SourceVersion "1"]
[SourceVersionDate "2017.03.02"]
[SourceQuality "1"]

1. f4 c5 2. Nf3 Nf6 3. b3 g6 4. Bb2 Bg7 5. e3 0-0 6. Be2 b6 7. 0-0 Bb7 8. d3 d5 9. Ne5 Nc6 10. Bf3 Ne8 11. Nxc6 Bxc6 12. Bxg7 Nxg7 13. Qe1 Qc7 14. Nc3 e6 15. Nd1 Rae8 16. Nf2 f5 17. c4 dxc4 18. Bxc6 Qxc6 19. dxc4 e5 20. Nd3 exf4 21. Nxf4 Qe4 22. Nd5 Nh5 23. Qc3 Qe5 24. Qxe5 Rxe5 25. a4 Nf6 26. Nxf6+ Rxf6 27. Rfe1 Rd6 28. a5 Rd3 29. axb6 axb6 30. Rab1 Rexe3 31. Rxe3 Rxe3 32. Kf2 Re6 33. b4 Re4 34. bxc5 bxc5 35. Rc1 Kf7 36. Kf3 Kf6 37. Rc3 Ke5 38. Kf2 Kd4 39. Rc1 Kd3 0-1

[Event "TUR-chT2"]
[Site "Konya"]
[Date "2016.07.19"]
[Round "5.7"]
[White "Ozen, Batuhan"]
[Black "Baylav, Can"]
[Result "1-0"]
[WhiteElo "1932"]
[BlackElo "1843"]
[PlyCount "83"]
[EventDate "2016.07.17"]
[EventType "team-swiss"]
[EventRounds "9"]
[EventCountry "TUR"]
[SourceTitle "CBM 173 Extra"]
[Source "ChessBase"]
[SourceDate "2016.08.29"]
[SourceVersion "1"]
[SourceVersionDate "2016.08.29"]
[SourceQuality "1"]
[WhiteTeam "Denizli Pamukkale Uni"]
[BlackTeam "Mersin Ezgi"]
[WhiteTeamCountry "TUR"]
[BlackTeamCountry "TUR"]

1. Nf3 Nf6 2. g3 g6 3. Bg2 Bg7 4. 0-0 0-0 5. d3 d5 6. Nbd2 c5 7. e4 Nc6 8. c3 e5 9. Qe2 Re8 10. h3 h6 11. Kh2 d4 12. Ne1 b6 13. Nb3 dxc3 14. bxc3 Ba6 15. Be3 Qd7 16. c4 Rad8 17. Rb1 Nb4 18. Nc1 Bc8 19. Qd2 Kh7 20. a3 Nc6 21. Ne2 g5 22. Nc3 Nd4 23. Nd5 Nxd5 24. cxd5 g4 25. hxg4 Qxg4 26. Bxd4 cxd4 27. Rh1 Qg6 28. Nf3 Kg8 29. Rbc1 Bd7 30. Bh3 Bxh3 31. Kxh3 f5 32. Nh4 Qg4+ 33. Kg2 fxe4 34. Rc6 Qg5 35. Qa2 Rf8 36. Rg6 Qe7 37. dxe4 Qf7 38. Re6 Rd7 39. Nf5 Kh7 40. Qd2 Bf6 41. Rxh6+ Kg8 42. Rhxf6 1-0